000 01679nam a2200253Ia 4500
003 Ost
005 20260507075105.0
008 260507s9999||||xx |||||||||||||| ||und||
020 _a9789961005262
040 _cfsecg
041 _aara
082 _a658.1512
100 _aفركوس، محمد
_eمؤلف
245 0 _aالموازنات التقديرية :
_bأداة فعالة للتسيير /
_c محمد فركوس
250 _aطبعة 03 مزيدة ومنقحة
260 _aالجزائر:
_bديوان المطبوعات الجامعية,
_c2017
300 _a288 صفحة؛
_bإيضاحات ؛
_c24 سم
490 _aسلسلة المعرفة
504 _aمراجع ص.277 قائمة المصطلحات ص.269
520 _a مفهوم الموازنات التقديرية وطريقة إعداداها- الموازنة التقديرية للمبيعات- الموازنة التقديرية لمصارف البيع والتوزيع- دراسة العلاقة بين التكلفة والحجم والربح- الموازنة التقديرية للإنتاج- الموازنات التقديرية لمستلزمات برنامج الإنتاج- الموازنة التقديرية للتموينات حالة موافقة المورد على أسعار تنازلية وفق الكميات المطلوبة- الموازنة الإستثمارية- الموازنة النقدية- الموازنة التقديرية للمصاريف الإدارية والمالية- القوائم الختامية أو الوثائق الخلاصية.
653 _aالموازنة التقديرية
653 _aالميزانية
942 _cكتاب
999 _c42820
_d42820